000 00332nam a2200133Ia 4500
008 240624s9999 xx 000 0 und d
041 _aeng
082 _a659.13 ASH
100 _aASHTON ROBERT
245 _aCOPYWRITING IN A WEEK
260 _c2003
_aLondon
_bHodder and stoughton
300 _a93 : p. : cm. ; 20
365 _cRS
_b33
999 _c11608
_d11608